[Event "Padron op 5th"]
[Site "Padron"]
[Date "2004.08.23"]
[Round "4"]
[White "Gonzalez Calvo, Manoel"]
[Black "Garcia Castro, Pablo"]
[Result "0-1"]
[WhiteElo "2100"]
[BlackElo "2356"]
[PlyCount "64"]
[EventDate "2004.08.20"]
[EventType "swiss"]
[EventRounds "9"]
[EventCountry "ESP"]
[SourceTitle "EXT 2005"]
[Source "ChessBase"]
[SourceDate "2004.11.15"]
[SourceVersion "1"]
[SourceVersionDate "2004.11.15"]
[SourceQuality "1"]

1. e4 g6 2. d4 Bg7 3. c4 d6 4. Nc3 Nf6 5. Bd3 0-0 6. Nge2 e5 7. d5 Na6 8. Ng3 c6 9. 0-0 Nc7 10. h3 Nd7 11. Be3 h5 12. Qd2 c5 13. a3 f6 14. b4 b6 15. bxc5 bxc5 16. Nge2 f5 17. f4 g5 18. g3 gxf4 19. gxf4 Qh4 20. Rf3 fxe4 21. Bf2 Qe7 22. Bxe4 exf4 23. Nxf4 Qg5+ 24. Kh1 Ne5 25. Rg3 Qxf4 26. Rag1 Ng4 27. Be3 Qe5 28. Bh6 Rf2 29. Bxg7 Rxd2 30. hxg4 Kxg7 31. gxh5+ Kf8 32. Rg8+ Ke7 0-1